Guess the Fusion Rock Song Lyrics #138 - Statistics

General Stats
  • This quiz has been taken 10 times
  • The average score is 234 of 301
Answer Stats
Answer % Correct
a
89%
A
89%
And
89%
and
89%
be
89%
But
89%
can
89%
don't
89%
for
89%
go
89%
going
89%
got
89%
I
89%
I'll
89%
I'm
89%
in
89%
it
89%
It
89%
it's
89%
I've
89%
Just
89%
just
89%
know
89%
like
89%
me
89%
my
89%
never
89%
not
89%
now
89%
of
89%
on
89%
or
89%
say
89%
so
89%
that
89%
the
89%
they
89%
to
89%
To
89%
way
89%
Where
89%
you
89%
You
89%
your
89%
you're
89%
all
78%
All
78%
away
78%
boy
78%
Commodores
78%
down
78%
everyone
78%
felt
78%
gonna
78%
good
78%
Good
78%
heart
78%
how
78%
nothing
78%
please
78%
really
78%
things
78%
Time
78%
time
78%
want
78%
we
78%
what
78%
won't
78%
Would
78%
Yeah
78%
yeah
78%
Yes
78%
About
67%
Ain't
67%
ain't
67%
back
67%
being
67%
doesn't
67%
friends
67%
funny
67%
gave
67%
happy
67%
hard
67%
honey
67%
make
67%
matter
67%
mind
67%
return
67%
Sail
67%
see
67%
sugar
67%
times
67%
tired
67%
wanna
67%
was
67%
else
56%
giving
56%
line
56%
looking
56%
money
56%
name
56%
once
56%
stay
56%
thrown
56%
told
56%
town
56%
tried
56%
used
56%
after
44%
blues
44%
cup
44%
guess
44%
hol
44%
Lord
44%
lose
44%
mile
44%
move
44%
plain
44%
shame
44%
small
44%
tea
44%
thinking
44%
wasn't
44%
wishful
44%
along
33%
Bout
33%
half
33%
Maybe
33%
twice
0%
No matching quizzes found
Score Distribution
Percent of People with Each Score
Percentile by Number Answered
Your Score History
You have not taken this quiz